Chemistry : (Record no. 51199)

MARC details
000 -LEADER
fixed length control field 00629nam a2200229Ia 4500
005 - DATE AND TIME OF LATEST TRANSACTION
control field 20260429111851.0
008 - FIXED-LENGTH DATA ELEMENTS--GENERAL INFORMATION
fixed length control field 260429s9999||||xx |||||||||||||| ||und||
020 ## - INTERNATIONAL STANDARD BOOK NUMBER
International Standard Book Number 9781324073321
041 ## - LANGUAGE CODE
Language English
082 ## - DEWEY DECIMAL CLASSIFICATION NUMBER
Classification number 540
Item number GIL
100 ## - MAIN ENTRY--PERSONAL NAME
Personal name Gilbert, Thomas R.
245 #0 - TITLE STATEMENT
Title Chemistry :
Remainder of title an atoms-focused approach /
Statement of responsibility, etc Thomas R. Gilbert
250 ## - EDITION STATEMENT
Edition statement 4th ed.
260 ## - PUBLICATION, DISTRIBUTION, ETC. (IMPRINT)
Place of publication, distribution, etc London :
Name of publisher, distributor, etc W.W. Norton and Company,
Date of publication, distribution, etc 2025.
300 ## - PHYSICAL DESCRIPTION
Extent xxxvi, 969 p. ; hb
650 ## - SUBJECT ADDED ENTRY--TOPICAL TERM
Topical term or geographic name as entry element Chemistry
700 ## - ADDED ENTRY--PERSONAL NAME
Personal name Bliem, Carribeth
700 ## - ADDED ENTRY--PERSONAL NAME
Personal name Bretz, Stacey Lowery
700 ## - ADDED ENTRY--PERSONAL NAME
Personal name Curtis, Anna C.
700 ## - ADDED ENTRY--PERSONAL NAME
Personal name Kirss, Rein V.
942 ## - ADDED ENTRY ELEMENTS (KOHA)
Koha item type Text Books
Holdings
Withdrawn status Lost status Damaged status Not for loan Collection code Home library Location Shelving location Date of Cataloging Source of acquisition Total Checkouts Full call number Barcode Date last seen Price effective from Koha item type
        Non-fiction CUTN Central Library CUTN Central Library Sciences 29/04/2026 Prashant Book Agency, New Delhi - Invoice No. 537 on 09-02-2026   540 GIL 56057 29/04/2026 29/04/2026 Text Books